都道府県の名前がついた市町村 - Statistics

General Stats
  • This quiz has been taken 1,265 times
  • The average score is 39 of 48
Answer Stats
所属都道府県 市町村 % Correct
秋田県 秋田市
97%
青森県 青森市
96%
山形県 山形市
95%
福島県 福島市
95%
千葉県 千葉市
94%
福井県 福井市
94%
新潟県 新潟市
93%
富山県 富山市
93%
長野県 長野市
93%
大阪府 大阪市
93%
奈良県 奈良市
93%
和歌山県 和歌山市
93%
山口県 山口市
93%
岐阜県 岐阜市
92%
静岡県 静岡市
92%
京都府 京都市
92%
鳥取県 鳥取市
92%
岡山県 岡山市
92%
広島県 広島市
92%
徳島県 徳島市
92%
高知県 高知市
92%
佐賀県 佐賀市
92%
長崎県 長崎市
92%
栃木県 栃木市
91%
埼玉県 さいたま市
91%
山梨県 山梨市
91%
福岡県 福岡市
91%
熊本県 熊本市
91%
大分県 大分市
91%
宮崎県 宮崎市
91%
鹿児島県 鹿児島市
91%
沖縄県 沖縄市
90%
北海道 北広島市
83%
大阪府 東大阪市
82%
東京都 西東京市
80%
広島県 東広島市
78%
岩手県 岩手町
76%
秋田県 北秋田市
75%
香川県 東かがわ市
70%
茨城県 茨城町
64%
茨城県 北茨城市
62%
大阪府 大阪狭山市
62%
広島県 北広島町
57%
大阪府 河内長野市
47%
北海道 福島町
45%
群馬県 長野原町
33%
福島県 石川町
31%
長野県 山形村
22%
No matching quizzes found
Score Distribution
Percent of People with Each Score
Percentile by Number Answered
Your Score History
You have not taken this quiz